Declaration of Comilla: (Record no. 2270)
[ view plain ]
| 000 -LEADER | |
|---|---|
| fixed length control field | 009770000a22002170004500 |
| 003 - CONTROL NUMBER IDENTIFIER | |
| control field | LK-CoMWRAF |
| 008 - FIXED-LENGTH DATA ELEMENTS--GENERAL INFORMATION | |
| fixed length control field | 230817t1991 ||||| |||| 00| 0 eng d |
| 040 ## - CATALOGING SOURCE | |
| Original cataloging agency | LK-CoMWRAF |
| Modifying agency | LK-CoMWRAF |
| Description conventions | LK-CoMWRAF |
| 041 ## - LANGUAGE CODE | |
| Language code of text/sound track or separate title | English |
| 082 ## - DEWEY DECIMAL CLASSIFICATION NUMBER | |
| Classification number | 363.96 |
| Item number | FEM |
| 942 ## - ADDED ENTRY ELEMENTS (KOHA) | |
| Koha item type | Conference Proceeding |
| 111 ## - MAIN ENTRY--MEETING NAME | |
| Meeting name or jurisdiction name as entry element | Feminist International Network of Resistance to Reproductive and Genetic Engineering -Unnayan Bikalper Niti Nirdharoni Gobeshona international conference |
| Location of meeting | ( Comilla, BARD |
| Date of meeting | March 1989) |
| 245 ## - TITLE STATEMENT | |
| Title | Declaration of Comilla: |
| Remainder of title | FINRRAGE-UBINIG international conference |
| 260 ## - PUBLICATION, DISTRIBUTION, ETC. (IMPRINT) | |
| Place of publication, distribution, etc. | Dhaka: |
| Name of publisher, distributor, etc. | UBING, |
| Date of publication, distribution, etc. | 1991 |
| 300 ## - PHYSICAL DESCRIPTION | |
| Extent | xxvi, 168 p. : ill. ; 29 cm |
| 520 ## - SUMMARY, ETC. | |
| Summary, etc. | On population control, reproductive technologies, and genetic engineering affecting women in developed and developing countries |
| 856 ## - ELECTRONIC LOCATION AND ACCESS | |
| Uniform Resource Identifier | <a href="https://www.finrrage.org/wp-content/uploads/2016/03/Comilla_Proceedings_1989.pdf">https://www.finrrage.org/wp-content/uploads/2016/03/Comilla_Proceedings_1989.pdf</a> |
| 650 ## - SUBJECT ADDED ENTRY--TOPICAL TERM | |
| Topical term or geographic name as entry element | Genetic engineering- Congresses |
| 650 ## - SUBJECT ADDED ENTRY--TOPICAL TERM | |
| Topical term or geographic name as entry element | Birth control |
| 650 ## - SUBJECT ADDED ENTRY--TOPICAL TERM | |
| Topical term or geographic name as entry element | Human reproductive technology |
| Withdrawn status | Lost status | Damaged status | Not for loan | Permanent Location | Current Location | Date acquired | Full call number | Barcode | Koha item type |
|---|---|---|---|---|---|---|---|---|---|
| Resource center, Muslim Women's Research And Action Forum | Resource center, Muslim Women's Research And Action Forum | 2023-08-17 | 363.96 FEM | RAF3545 | Conference Proceeding |

